country flags of WW2 - Statistics

General Stats
  • This quiz has been taken 94 times
  • The average score is 9 of 12
Answer Stats
Picture Answer % Correct
France
99%
Kingdom of italy
93%
United kingdom
93%
Mexico
92%
Canada
86%
Russia (Soviet union)
86%
Australia
81%
South Africa
78%
Nazi
77%
Japanese empire
73%
British raj (India)
71%
United states of america (48 stars)
3%
No matching quizzes found
Score Distribution
Percent of People with Each Score
Percentile by Number Answered
Your Score History
You have not taken this quiz